[Event "6th EICC"]
[Site "Warsaw POL"]
[Date "2005.06.26"]
[Round "8"]
[White "Parligras,M"]
[Black "Tiviakov,S"]
[Result "1/2-1/2"]
[WhiteElo "2560"]
[BlackElo "2631"]
[EventDate "2005.06.18"]

1. e4 c5 2. Nf3 Nc6 3. d4 cxd4 4. Nxd4 g6 5. c4 Nf6 6. Nc3 d6 7. Be2 Bg7 8.
Be3 O-O 9. O-O Nxd4 10. Bxd4 Bd7 11. Qd2 Bc6 12. f3 a5 13. b3 Nd7 14. Be3
Nc5 15. Rab1 Qb6 16. Rfc1 Rfc8 17. Rc2 Qb4 18. Nd5 Bxd5 19. cxd5 Qxd2 20.
Bxd2 a4 21. bxa4 Rxa4 1/2-1/2

[Event "6th EICC"]
[Site "Warsaw POL"]
[Date "2005.06.26"]
[Round "8"]
[White "Van Wely,L"]
[Black "Stefansson,H"]
[Result "1/2-1/2"]
[WhiteElo "2687"]
[BlackElo "2573"]
[EventDate "2005.06.18"]

1. d4 Nf6 2. c4 e6 3. Nf3 b6 4. g3 Ba6 5. b3 Bb4+ 6. Bd2 Be7 7. Nc3 O-O 8.
Rc1 d5 9. cxd5 Nxd5 10. Nxd5 exd5 11. Bh3 Re8 12. Rc2 Bd6 13. Bg5 f6 14.
Bf4 Bxf4 15. gxf4 Qd6 16. Rg1 Nc6 17. a3 Qxf4 18. e3 Qh6 19. Bd7 Rxe3+ 20.
fxe3 Qxe3+ 21. Re2 Bxe2 22. Qxe2 Qc3+ 23. Kf1 Nxd4 24. Nxd4 Qxd4 25. Rg4
Qa1+ 26. Kg2 Qxa3 27. Bc6 Rd8 28. Bxd5+ Kh8 29. Re4 Qf8 30. Re7 c6 31. Bxc6
Rd2 32. Qxd2 Qxe7 33. h4 h5 34. Bf3 Kh7 35. Bxh5 Qe4+ 36. Kh3 Qe6+ 37. Kg2
Qe4+ 38. Kh3 Qe6+ 39. Bg4 Qxb3+ 40. Kg2 Qc4 41. Qd7 Qe4+ 42. Kf2 Qf4+ 43.
Kg2 Qe4+ 44. Kg3 Qe1+ 45. Kh3 Qh1+ 1/2-1/2

[Event "6th EICC"]
[Site "Warsaw POL"]
[Date "2005.06.26"]
[Round "8"]
[White "Sokolov,I"]
[Black "Popov,Val"]
[Result "1/2-1/2"]
[WhiteElo "2662"]
[BlackElo "2568"]
[EventDate "2005.06.18"]

1. d4 Nf6 2. c4 e6 3. Nf3 d5 4. Nc3 dxc4 5. e4 Bb4 6. Bg5 c5 7. e5 cxd4 8.
Nxd4 Qa5 9. exf6 Bxc3+ 10. bxc3 Qxg5 11. fxg7 Qxg7 12. Qf3 Rg8 13. g3 Qg4
14. Qe3 Qg5 15. f4 Qd5 16. Rg1 Nc6 17. O-O-O Bd7 18. Rg2 Qc5 19. Rb2 Ne7
20. Bg2 Bc6 21. Bxc6+ bxc6 22. Nc2 Qa5 23. Rb7 Nd5 24. Qe4 Qa6 25. Qxh7
O-O-O 26. Rxf7 Nxc3 27. Rdd7 Nxa2+ 28. Kd1 Rxd7+ 29. Rxd7 c3 30. Qxg8+ Kxd7
31. Qg7+ Ke8 32. Qg8+ Ke7 33. Qb8 c5 34. h4 Qc4 35. g4 Nb4 36. Qxa7+ Kd6
37. Qb8+ Kd7 38. Qb7+ Kd6 39. Qb8+ 1/2-1/2

[Event "6th EICC"]
[Site "Warsaw POL"]
[Date "2005.06.26"]
[Round "8"]
[White "Rublevsky,S"]
[Black "Romanishin,O"]
[Result "1/2-1/2"]
[WhiteElo "2645"]
[BlackElo "2559"]
[EventDate "2005.06.18"]

1. e4 e5 2. Nf3 Nc6 3. d4 exd4 4. Nxd4 Bc5 5. Be3 Qf6 6. c3 Qg6 7. Qf3 Bxd4
8. cxd4 Nb4 9. Qe2 Qxe4 10. Nc3 Qe6 11. a3 Nd5 12. Nxd5 Qxd5 13. Qg4 Kf8
14. Rc1 Nf6 15. Qf4 d6 16. Rxc7 Bd7 17. Rc2 Bc6 18. Bc4 Qxg2 19. Qxd6+ Kg8
20. Rf1 Re8 21. Qc7 Nd5 22. Bxd5 Qxd5 23. Kd2 h6 24. Rg1 Kh7 25. Rg3 Rc8
26. Qf4 Bd7 27. Rxc8 Rxc8 1/2-1/2

[Event "6th EICC"]
[Site "Warsaw POL"]
[Date "2005.06.26"]
[Round "8"]
[White "Jobava,Ba"]
[Black "Kuzubov,Y"]
[Result "1/2-1/2"]
[WhiteElo "2637"]
[BlackElo "2558"]
[EventDate "2005.06.18"]

1. d4 d5 2. c4 c6 3. Nf3 Nf6 4. Nc3 dxc4 5. a4 Bf5 6. Ne5 Nbd7 7. Nxc4 Qc7
8. g3 e5 9. dxe5 Nxe5 10. Bf4 Nfd7 11. Bg2 f6 12. O-O Nc5 13. Ne3 Rd8 14.
Ncd5 Qd7 15. Nxf5 Qxf5 16. e4 Qg4 17. Nc7+ Ke7 18. Qc2 Kd7 19. Bxe5 fxe5
20. b4 Kxc7 21. bxc5 Be7 22. a5 Rd4 23. a6 b6 24. cxb6+ axb6 25. Rfc1 Bc5
26. Qb2 Qd7 27. Rxc5 bxc5 28. Bh3 Qe7 29. a7 Ra8 30. Qa3 Kd6 31. Qb3 Kc7
32. Qa2 Kd6 33. Qb3 Kc7 34. Qa3 Kd6 35. Qa2 1/2-1/2

[Event "6th EICC"]
[Site "Warsaw POL"]
[Date "2005.06.26"]
[Round "8"]
[White "Gurevich,M"]
[Black "Kurnosov,I"]
[Result "1-0"]
[WhiteElo "2630"]
[BlackElo "2550"]
[EventDate "2005.06.18"]

1. d4 Nf6 2. c3 g6 3. Bg5 Bg7 4. Nd2 d5 5. e3 O-O 6. Bd3 c5 7. Ngf3 Qb6 8.
Rb1 Nc6 9. O-O Re8 10. b4 cxb4 11. cxb4 e5 12. Nxe5 Nxe5 13. dxe5 Rxe5 14.
Bf4 Re8 15. Qa4 Bd7 16. Qa5 Ne4 17. Nxe4 dxe4 18. Bc4 Be6 19. Rfc1 Rec8 20.
Bxe6 Qxe6 21. Rxc8+ Qxc8 22. Rd1 Qc2 23. Qd5 Bf6 24. Bh6 Bg7 25. Bxg7 Kxg7
26. h4 Re8 27. Qd4+ Kh6 28. Qd6 Qxa2 29. Qf4+ Kg7 30. h5 Qe6 31. h6+ Kf8
32. Qc7 Qc6 33. Qa5 a6 34. Qg5 Qe6 35. Qc5+ Qe7 36. Rd6 g5 37. g3 b5 38.
Kg2 Qe5 39. Rd5+ Qe7 40. Qd4 f6 41. Rd6 Kg8 42. Rd7 Qe6 43. Qa7 Qf5 44. Rd8
1-0

[Event "6th EICC"]
[Site "Warsaw POL"]
[Date "2005.06.26"]
[Round "8"]
[White "Potkin,V"]
[Black "Izoria,Z"]
[Result "1/2-1/2"]
[WhiteElo "2552"]
[BlackElo "2602"]
[EventDate "2005.06.18"]

1. e4 c6 2. d4 d5 3. exd5 cxd5 4. c4 Nf6 5. Nc3 e6 6. Nf3 Bb4 7. cxd5 Nxd5
8. Qc2 Nc6 9. Bd3 Ba5 10. Be2 Nce7 11. O-O Bd7 12. Nxd5 exd5 13. Bd2 Bxd2
14. Qxd2 O-O 15. Ne5 Be6 16. Rac1 Qd6 17. h3 Rfc8 18. Bf3 b6 19. a3 Rxc1
20. Rxc1 Rc8 21. Rxc8+ 1/2-1/2

[Event "6th EICC"]
[Site "Warsaw POL"]
[Date "2005.06.26"]
[Round "8"]
[White "Brkic,A"]
[Black "Palac,M"]
[Result "1/2-1/2"]
[WhiteElo "2477"]
[BlackElo "2574"]
[EventDate "2005.06.18"]

1. e4 e5 2. Nf3 Nc6 3. Bb5 a6 4. Ba4 Nf6 5. O-O Be7 6. Re1 b5 7. Bb3 O-O 8.
c3 d6 9. h3 Nb8 10. d4 Nbd7 11. Nbd2 Bb7 12. Bc2 Re8 1/2-1/2

[Event "6th EICC"]
[Site "Warsaw POL"]
[Date "2005.06.26"]
[Round "8"]
[White "Kobalia,M"]
[Black "Balogh,C"]
[Result "1/2-1/2"]
[WhiteElo "2644"]
[BlackElo "2531"]
[EventDate "2005.06.18"]

1. d4 Nf6 2. c4 e6 3. Nc3 Bb4 4. Qc2 d5 5. cxd5 exd5 6. Bg5 h6 7. Bh4 c5 8.
dxc5 g5 9. Bg3 Ne4 10. Bxb8 Bxc3+ 11. bxc3 Rxb8 12. e3 Qa5 13. Bd3 Qxc3+
14. Qxc3 Nxc3 15. Kd2 Ne4+ 16. Bxe4 dxe4 17. Ne2 Be6 18. Rhb1 Kd7 19. Nd4
Rhc8 20. Rb5 b6 21. cxb6 Rxb6 22. a4 Rc4 23. Rxb6 axb6 24. a5 bxa5 25. Rxa5
Rb4 26. Ra7+ Kd6 27. Ra6+ Kd5 28. Nxe6 fxe6 29. Ra5+ Kd6 30. g3 Rb2+ 31.
Ke1 Rb1+ 32. Ke2 Rh1 33. h4 gxh4 34. Rh5 h3 35. Rxh6 1/2-1/2

[Event "6th EICC"]
[Site "Warsaw POL"]
[Date "2005.06.26"]
[Round "8"]
[White "Nevednichy,V"]
[Black "Fressinet,L"]
[Result "1/2-1/2"]
[WhiteElo "2566"]
[BlackElo "2638"]
[EventDate "2005.06.18"]

1. e4 e5 2. Nf3 Nc6 3. Bc4 Nf6 4. d3 Be7 5. O-O O-O 6. a3 d6 7. h3 Kh8 8.
Nc3 Ng8 9. d4 exd4 10. Nxd4 Nxd4 11. Qxd4 Bf6 12. Qd3 Ne7 13. Bd2 a6 14.
Rad1 b5 15. Ba2 Be6 16. Bxe6 fxe6 17. f4 Qe8 18. b3 Qc6 19. Kh2 Rad8 20.
Kh1 Qc5 21. b4 Qc4 22. Qxc4 bxc4 23. Ne2 Nc6 24. Be3 Rb8 25. Rb1 Rfd8 26.
Rfd1 Kg8 27. g3 g6 28. Kg2 Rf8 29. c3 Bg7 30. a4 e5 31. f5 gxf5 32. exf5
Rxf5 33. b5 axb5 34. axb5 Ne7 35. b6 cxb6 36. Rxd6 b5 37. Rd7 Nc6 38. Rd5
b4 1/2-1/2

[Event "6th EICC"]
[Site "Warsaw POL"]
[Date "2005.06.26"]
[Round "8"]
[White "Nataf,IA"]
[Black "Smirnov,P"]
[Result "0-1"]
[WhiteElo "2559"]
[BlackElo "2624"]
[EventDate "2005.06.18"]

1. e4 c5 2. Nf3 Nc6 3. d4 cxd4 4. Nxd4 Qb6 5. Nb3 Nf6 6. Nc3 e6 7. Bd3 a6
8. Be3 Qc7 9. f4 d6 10. Qf3 b5 11. O-O-O Bb7 12. g4 Nb4 13. Kb1 d5 14. g5
dxe4 15. Nxe4 Nxe4 16. Bxe4 Qxc2+ 17. Bxc2 Bxf3 18. Rhf1 Bxd1 19. Bxd1 Be7
20. Bf3 Rd8 21. Bb6 Rd7 22. Nc5 Rd2 23. a3 Nd5 24. Ba5 Rd4 25. Nxa6 O-O 26.
Bxd5 Rxd5 27. Bc3 Rf5 28. h4 Bd6 29. Bb4 Rd8 30. Rd1 Be7 31. Rf1 Bxb4 32.
Nxb4 e5 33. Nc6 Re8 34. Rd1 Rxf4 35. Nxe5 Rxh4 36. Rd5 b4 37. axb4 Rxb4 38.
Nd3 Rbb8 39. Ra5 Rbd8 40. Ne5 Rd1+ 41. Kc2 Rg1 42. Nd3 Rc8+ 43. Kb3 Rg3 44.
Rd5 Kf8 45. Ka4 Ke7 46. Nc5 Rd8 47. Re5+ Kd6 48. Rf5 Kc6 49. Nb3 Rg4+ 50.
Ka3 Rd3 51. Ka2 0-1

[Event "6th EICC"]
[Site "Warsaw POL"]
[Date "2005.06.26"]
[Round "8"]
[White "Halkias,S"]
[Black "Timofeev,Arty"]
[Result "1/2-1/2"]
[WhiteElo "2549"]
[BlackElo "2622"]
[EventDate "2005.06.18"]

1. d4 Nf6 2. c4 g6 3. Nc3 d5 4. Bg5 Ne4 5. Bh4 Nxc3 6. bxc3 dxc4 7. e3 Be6
8. Qb1 b6 9. Nf3 Bh6 10. Bg5 Bxg5 11. Nxg5 Qd5 12. Nxe6 Qxe6 13. Qb5+ c6
14. Qxc4 Qxc4 15. Bxc4 e6 16. a4 a6 17. Be2 Ke7 18. Kd2 Nd7 19. Rhb1 Rhc8
20. f4 f5 21. g4 Kd6 22. c4 a5 23. g5 h6 24. h4 Rh8 25. Rh1 Rh7 26. Bf3
Rah8 27. Kd3 hxg5 28. hxg5 Rh3 29. Bg2 Rh2 30. Bf3 c5 31. Rxh2 Rxh2 32. Rh1
Rf2 33. Bb7 cxd4 34. exd4 Rxf4 35. Rh6 Kc7 36. Rh7 Rg4 37. Ba6 e5 38. dxe5
Kd8 39. Rh8+ Ke7 40. Rh7+ Kd8 41. Rh8+ 1/2-1/2

[Event "6th EICC"]
[Site "Warsaw POL"]
[Date "2005.06.26"]
[Round "8"]
[White "Macieja,B"]
[Black "Gritsak,O"]
[Result "0-1"]
[WhiteElo "2613"]
[BlackElo "2537"]
[EventDate "2005.06.18"]

1. e4 c5 2. Nf3 d6 3. Bc4 Nf6 4. d3 Nc6 5. c3 a6 6. Bb3 Bg4 7. h3 Bxf3 8.
Qxf3 g6 9. O-O Bg7 10. Nd2 O-O 11. Qe2 e6 12. Nf3 Rc8 13. Bf4 Qe7 14. Rad1
Rfe8 15. a3 b5 16. Ba2 Nd7 17. d4 cxd4 18. cxd4 Nb6 19. e5 dxe5 20. dxe5
Qc7 21. Rfe1 Red8 22. Rc1 Qb8 23. Qe4 Ne7 24. Bg5 Rxc1 25. Rxc1 Rc8 26. Re1
Ned5 27. h4 Qc7 28. Bb3 h6 29. Bc1 Nc4 30. h5 g5 31. Bd2 Nxd2 32. Nxd2 Nb6
33. Nf3 Nd7 34. Qe2 g4 35. Nh2 g3 36. Ng4 Qc5 37. Kf1 gxf2 38. Nxf2 Qxe5
39. Qd1 Qc7 40. Re2 Qc1 41. Nd3 Qg5 42. Rc2 Rd8 43. Qf3 Nf6 44. Nf4 Ng4 45.
g3 Bd4 46. Re2 Rc8 47. Kg2 Kh8 48. Re4 Ne5 49. Qd1 Bxb2 50. Nh3 Qg7 51. Nf4
Rg8 52. Ne2 Ng4 53. Nf4 Qg5 54. Qe2 Nf6 55. Re3 Bc1 56. Ng6+ Rxg6 57. hxg6
Qxe3 58. Qc2 Qd2+ 59. Qxd2 Bxd2 60. gxf7 Kg7 61. Bxe6 Bc1 0-1

[Event "6th EICC"]
[Site "Warsaw POL"]
[Date "2005.06.26"]
[Round "8"]
[White "Tregubov,P"]
[Black "Kritz,L"]
[Result "1/2-1/2"]
[WhiteElo "2612"]
[BlackElo "2549"]
[EventDate "2005.06.18"]

1. d4 d5 2. c4 c6 3. Nf3 Nf6 4. e3 a6 5. Bd3 Bg4 6. Nbd2 e6 7. O-O Nbd7 8.
b3 Be7 9. Qc2 Bh5 10. Rb1 Bg6 11. b4 Bxd3 12. Qxd3 O-O 13. e4 dxe4 14. Nxe4
b5 15. Nxf6+ Bxf6 16. c5 a5 17. Qe4 axb4 18. Qxc6 e5 19. dxe5 Nxe5 20. Nxe5
Bxe5 21. Rxb4 Rxa2 22. Be3 Qb8 23. g3 Ra5 24. Rfb1 Rc8 25. Rxb5 Rxb5 26.
Qxb5 Qxb5 27. Rxb5 Kf8 28. Kf1 Ke7 29. Rb6 Rb8 30. Ke2 Rxb6 31. cxb6 Kd7
32. h4 Kc6 33. h5 g6 34. g4 f5 35. gxf5 gxf5 36. Kd3 Bf6 37. Kc4 Be7 38.
Bd4 Bd8 39. Kd3 Bg5 40. Ke2 Bf4 41. Kf3 Bd6 42. Be3 Be5 43. Bf4 Bf6 44. Bc7
Bg5 45. Kg3 Kb7 46. f3 Kc6 47. Bf4 Bf6 48. Be3 Be5+ 49. Kh3 Bf6 50. h6 Kb7
51. Kg3 Be5+ 52. Kh4 Bf6+ 53. Bg5 Bd4 54. Bd8 Be3 55. Kh5 Bf4 56. Bg5 Bd6
57. Be3 Be7 58. Bd4 Bd8 59. Bf2 Kc6 60. f4 Kb7 61. Bh4 Bxb6 62. Bf6 Kc6 63.
Kg5 Kd7 64. Kxf5 Be3 65. Bg5 Ke8 66. Ke6 Bxf4 67. Bxf4 Kf8 68. Kf6 1/2-1/2

[Event "6th EICC"]
[Site "Warsaw POL"]
[Date "2005.06.26"]
[Round "8"]
[White "Korneev,O"]
[Black "Prusikin,M"]
[Result "1-0"]
[WhiteElo "2611"]
[BlackElo "2540"]
[EventDate "2005.06.18"]

1. e4 c5 2. Nf3 Nc6 3. d4 cxd4 4. Nxd4 Qb6 5. Nb3 Nf6 6. Nc3 e6 7. Bd3 a6
8. Be3 Qc7 9. f4 d6 10. Qf3 b5 11. O-O-O Bb7 12. g4 Nd7 13. Kb1 Nc5 14. g5
O-O-O 15. Rhf1 Kb8 16. Qf2 Nb4 17. Nxc5 dxc5 18. Be2 Rxd1+ 19. Rxd1 Be7 20.
f5 Rc8 21. fxe6 fxe6 22. Qf7 Rf8 23. Qxg7 c4 24. Bb6 1-0

[Event "6th EICC"]
[Site "Warsaw POL"]
[Date "2005.06.26"]
[Round "8"]
[White "Sulskis,S"]
[Black "Pelletier,Y"]
[Result "1/2-1/2"]
[WhiteElo "2545"]
[BlackElo "2610"]
[EventDate "2005.06.18"]

1. e4 c5 2. Nf3 d6 3. d4 cxd4 4. Nxd4 Nf6 5. Nc3 a6 6. Bg5 e6 7. f4 Be7 8.
Qf3 Qc7 9. O-O-O Nbd7 10. g4 b5 11. Bxf6 Nxf6 12. g5 Nd7 13. Nf5 exf5 14.
Nd5 Qb7 15. Qc3 Nb6 16. Nxe7 Kxe7 17. Qxg7 Be6 18. exf5 Bd5 19. Bh3 Rae8
20. Rd3 Kd8 21. Rhd1 Rhg8 22. Qc3 Re2 23. Bg4 Rf2 24. Qf6+ Kc8 25. Qxd6 Qc7
26. Rc3 Bc4 27. b3 Rxf4 28. h3 Qxd6 29. Rxd6 Kc7 30. Rf6 Rxg5 31. bxc4 Nxc4
32. Rxf7+ Kb6 33. Rxc4 bxc4 34. Rxh7 c3 35. Kd1 Rg8 36. Ke2 Rd8 37. Ke3 Rf1
38. Rh6+ Kc5 39. Rxa6 Rd2 40. f6 Re1+ 41. Kf4 Rf1+ 42. Bf3 Rdf2 43. Rc6+
Kd4 44. Rd6+ Kc4 45. Rc6+ Kd4 46. Rd6+ Kc4 47. Rc6+ 1/2-1/2

[Event "6th EICC"]
[Site "Warsaw POL"]
[Date "2005.06.26"]
[Round "8"]
[White "Dautov,R"]
[Black "Winants,L"]
[Result "1/2-1/2"]
[WhiteElo "2609"]
[BlackElo "2535"]
[EventDate "2005.06.18"]

1. d4 e6 2. c4 Bb4+ 3. Bd2 a5 4. g3 d6 5. Nf3 Nc6 6. Nc3 Nf6 7. Bg2 O-O 8.
O-O Re8 9. a3 Bxc3 10. Bxc3 Ne4 11. Rc1 Nxc3 12. Rxc3 e5 13. d5 Ne7 14. Nd2
c6 15. dxc6 bxc6 16. Ne4 d5 17. cxd5 cxd5 18. Nc5 Rb8 19. Qd2 d4 20. Rb3
Bg4 21. h3 Bf5 22. Rc1 Rc8 23. Rb5 Nc6 24. Nb7 Qd7 25. g4 Bg6 26. Nxa5 Nxa5
27. Rxc8 Qxc8 28. Rxa5 Qc7 29. b4 h5 30. Rc5 Qa7 31. Ra5 Qd7 32. Qg5 hxg4
33. hxg4 e4 34. Rd5 Qa7 35. Rd8 Rxd8 36. Qxd8+ Kh7 37. Qh4+ Kg8 38. Qd8+
Kh7 39. a4 d3 40. Qh4+ Kg8 41. Qd8+ Kh7 42. exd3 Qxa4 43. Qh4+ Kg8 44. Qd8+
Kh7 45. Qh4+ Kg8 46. Bxe4 Bxe4 47. dxe4 Qxb4 48. Qd8+ Kh7 49. Qd5 Kg8 50.
Kg2 g6 51. Kg3 Qb2 52. f4 Qc3+ 53. Kh4 Qf6+ 54. Kg3 Qc3+ 55. Kf2 Qc2+ 56.
Ke3 Qc1+ 57. Qd2 Qg1+ 58. Kf3 Qf1+ 59. Kg3 Qa1 60. Qe3 Kg7 61. e5 Qa6 62.
f5 gxf5 63. gxf5 Qc4 64. Qf3 Kf8 65. Qf4 Qc3+ 66. Kg4 Qa1 67. Qe3 Ke8 68.
Kg5 Qa8 69. Qh3 Qd8+ 70. f6 Qd2+ 71. Kh5 Kd8 72. Qf5 Qh2+ 73. Kg5 Qd2+ 74.
Qf4 Qg2+ 75. Qg4 Qd2+ 76. Qf4 Qg2+ 77. Kh5 Qh3+ 78. Kg5 1/2-1/2

[Event "6th EICC"]
[Site "Warsaw POL"]
[Date "2005.06.26"]
[Round "8"]
[White "Gagunashvili,M"]
[Black "Iordachescu,V"]
[Result "0-1"]
[WhiteElo "2547"]
[BlackElo "2609"]
[EventDate "2005.06.18"]

1. d4 Nf6 2. c4 e6 3. Nc3 Bb4 4. Qc2 O-O 5. a3 Bxc3+ 6. Qxc3 b5 7. cxb5 c6
8. Bg5 cxb5 9. e3 Bb7 10. f3 h6 11. Bh4 a6 12. Bd3 Nc6 13. Ne2 Nd5 14. Bxd8
Nxc3 15. Nxc3 Rfxd8 16. b4 Kf8 17. Kd2 Ke7 18. Rhb1 Rdb8 19. g4 Bc8 20. Rb2
d5 21. Rab1 Bd7 22. Ne2 Kd6 23. Rc1 Rc8 24. Rc5 Nd8 25. Nc3 Nc6 26. Kc2
Rcb8 27. Kb3 Nd8 28. e4 Nc6 29. Ne2 g5 30. Kc3 f6 31. Kd2 Rh8 32. Ke3 h5
33. gxh5 Rxh5 34. Ng3 Rh4 35. Rbc2 Rah8 36. exd5 Nxd4 37. dxe6 Nxc2+ 38.
Rxc2 Bxe6 39. Ne4+ Rxe4+ 40. Bxe4 f5 41. Bb7 Bc4 42. a4 Ke5 43. f4+ gxf4+
44. Kf3 Rh7 45. Bc6 Rc7 46. axb5 axb5 47. Bxb5 Bd5+ 0-1

[Event "6th EICC"]
[Site "Warsaw POL"]
[Date "2005.06.26"]
[Round "8"]
[White "Fedorov,Alex"]
[Black "Wells,P"]
[Result "1-0"]
[WhiteElo "2602"]
[BlackElo "2525"]
[EventDate "2005.06.18"]

1. e4 c6 2. d4 d5 3. e5 Bf5 4. Be3 e6 5. Nd2 Nd7 6. Be2 c5 7. Nb3 c4 8. Nd2
f6 9. Ngf3 Ne7 10. exf6 Nxf6 11. Ne5 Nc6 12. g4 Be4 13. O-O Bg6 14. f4 Qb6
15. b3 cxb3 16. axb3 Bb4 17. Ndf3 Nxe5 18. Nxe5 Be4 19. c4 dxc4 20. bxc4
O-O 21. g5 Bc3 22. Ra3 Qb2 23. Rb3 Bc2 24. Rxb2 Bxd1 25. Rxd1 Bxb2 26. gxf6
gxf6 27. Nd3 Bc3 28. Rc1 Ba5 29. Bf3 Rad8 30. Nc5 e5 31. Bd5+ 1-0

[Event "6th EICC"]
[Site "Warsaw POL"]
[Date "2005.06.26"]
[Round "8"]
[White "Pavasovic,D"]
[Black "Zelcic,R"]
[Result "1/2-1/2"]
[WhiteElo "2593"]
[BlackElo "2514"]
[EventDate "2005.06.18"]

1. e4 c6 2. d4 d5 3. e5 c5 4. c4 cxd4 5. Nf3 Bg4 6. Qxd4 Bxf3 7. gxf3 Qc7
8. Nc3 Nc6 9. Nxd5 Qd7 10. Qe4 e6 11. Bh3 O-O-O 12. Bg5 Be7 13. Bxe7 Ngxe7
14. O-O-O Kb8 15. Nc3 Qc7 16. f4 Ng6 17. Qe3 Rxd1+ 18. Rxd1 Rd8 19. Rxd8+
Qxd8 20. Bg2 Qh4 21. Bxc6 bxc6 22. Ne2 Qxh2 23. Qd4 Kc8 24. Kd2 h5 25. Qxa7
Nxf4 26. Qxf7 g5 27. Qg8+ Kb7 28. Qxg5 Nxe2 29. Kxe2 Qh1 30. Qe7+ Ka6 31.
Qa3+ Kb7 32. Qb4+ Ka7 33. Qa3+ Kb7 34. Qb3+ Kc7 35. Qf3 Qb1 36. c5 Qxb2+
37. Kf1 Qxe5 38. Qf7+ Kd8 39. Qf8+ Kd7 40. Qf7+ Kd8 1/2-1/2

[Event "6th EICC"]
[Site "Warsaw POL"]
[Date "2005.06.26"]
[Round "8"]
[White "Jaracz,P"]
[Black "Kozul,Z"]
[Result "1/2-1/2"]
[WhiteElo "2530"]
[BlackElo "2591"]
[EventDate "2005.06.18"]

1. e4 c5 2. Nf3 Nc6 3. Bb5 g6 4. Bxc6 dxc6 5. d3 Bg7 6. h3 b6 7. Nc3 e5 8.
Be3 Qc7 9. Qd2 h6 10. Ng1 Ne7 11. f4 Be6 12. Nf3 O-O-O 13. Nxe5 Bxe5 14.
fxe5 g5 15. O-O-O Ng6 16. Bg1 Qxe5 17. Bh2 1/2-1/2

[Event "6th EICC"]
[Site "Warsaw POL"]
[Date "2005.06.26"]
[Round "8"]
[White "Dizdar,G"]
[Black "Babula,V"]
[Result "1/2-1/2"]
[WhiteElo "2524"]
[BlackElo "2584"]
[EventDate "2005.06.18"]

1. Nf3 Nf6 2. g3 d5 3. Bg2 c6 4. O-O Bg4 5. c4 e6 6. d3 Nbd7 7. cxd5 exd5
8. Nc3 Bc5 9. Qb3 b5 10. h3 Bh5 11. e3 O-O 12. Ne2 Bb6 13. Qc2 c5 14. a4 c4
15. Nf4 Bxf3 16. Bxf3 Ne5 17. Bg2 b4 18. Rd1 b3 19. Qe2 g5 20. d4 Ng6 21.
Nxd5 Nxd5 22. Qxc4 Nf6 23. Qxb3 Re8 24. Qd3 Qe7 25. Bd2 Rab8 26. b4 Ne4 27.
Be1 f5 28. Rac1 f4 29. a5 Bd8 30. Rc6 fxg3 31. fxg3 Nf6 32. Bd2 Ne4 33. Be1
Nf6 34. Bd2 Ne4 35. Be1 Nf6 1/2-1/2

[Event "6th EICC"]
[Site "Warsaw POL"]
[Date "2005.06.26"]
[Round "8"]
[White "Erenburg,S"]
[Black "Pavlovic,Mi"]
[Result "0-1"]
[WhiteElo "2575"]
[BlackElo "2475"]
[EventDate "2005.06.18"]

1. e4 c5 2. Nf3 Nc6 3. d4 cxd4 4. Nxd4 g6 5. c4 Bg7 6. Be3 Nf6 7. Nc3 O-O
8. Be2 d6 9. Qd2 Nxd4 10. Bxd4 Qa5 11. f3 Be6 12. b3 Rfc8 13. Qb2 Qg5 14.
O-O Qh6 15. Nd5 Bxd5 16. exd5 Rc7 17. Rad1 Nd7 18. f4 a5 19. a3 Nc5 20. Rf3
Bxd4+ 21. Qxd4 Qg7 22. Qd2 b6 23. Re3 Qf6 24. g3 Re8 25. Bf1 h5 26. Qf2 Rd8
27. Rde1 a4 28. b4 Nb3 29. Bd3 Rdc8 30. Kg2 Nd4 31. Re4 Nf5 32. R4e2 Rxc4
33. Bxc4 Rxc4 34. Qxb6 h4 35. g4 h3+ 36. Kh1 Nd4 37. Rf2 Qh4 38. Ref1 Qxf2
0-1

[Event "6th EICC"]
[Site "Warsaw POL"]
[Date "2005.06.26"]
[Round "8"]
[White "Reinderman,D"]
[Black "Georgiev,Ki"]
[Result "1/2-1/2"]
[WhiteElo "2509"]
[BlackElo "2666"]
[EventDate "2005.06.18"]

1. e4 c5 2. Nf3 d6 3. d4 cxd4 4. Nxd4 Nf6 5. Nc3 a6 6. Bc4 e6 7. Bb3 b5 8.
O-O Be7 9. Qf3 Qb6 10. Be3 Qb7 11. Qg3 b4 12. Na4 Nbd7 13. f3 O-O 14. Rac1
Ne5 15. c4 bxc3 16. Rxc3 Bd7 17. Nb6 Nh5 18. Qh3 Nf4 19. Bxf4 Qxb6 20. Be3
Qb7 21. f4 Nc6 22. Nxc6 Bxc6 23. Rfc1 Rac8 24. f5 exf5 25. Qxf5 Bf6 26.
R3c2 Bd7 27. Qd5 Qb8 28. Qa5 Rxc2 29. Rxc2 Be6 30. Bxe6 fxe6 31. Qxa6 Qb4
32. Qe2 Qxe4 33. Bf2 Qxe2 34. Rxe2 Rb8 35. Rxe6 Rxb2 36. Kf1 Be5 37. Re8+
Kf7 38. Ra8 d5 39. Ra4 Ke6 40. h3 Bc3 41. Be3 h6 42. Bf2 Kf5 43. Be3 Bf6
44. Bf2 Ke6 45. Be3 Rc2 46. Bf2 Kd7 47. Bd4 Bxd4 48. Rxd4 Kd6 49. Rg4 Rc7
50. Ke2 Kc5 51. Kd3 Ra7 52. a4 g5 53. h4 gxh4 54. Rxh4 Ra6 55. Rf4 Rb6 56.
Kc3 Rb1 57. Rh4 Rb6 58. Rf4 Re6 59. Kd3 1/2-1/2

[Event "6th EICC"]
[Site "Warsaw POL"]
[Date "2005.06.26"]
[Round "8"]
[White "Aleksandrov,A"]
[Black "Lopez Martinez,J"]
[Result "1-0"]
[WhiteElo "2635"]
[BlackElo "2488"]
[EventDate "2005.06.18"]

1. d4 Nf6 2. c4 e6 3. Nc3 d5 4. cxd5 Nxd5 5. e4 Nxc3 6. bxc3 c5 7. a3 Be7
8. Nf3 O-O 9. Bd3 Nc6 10. Bb1 Qa5 11. Bd2 Qa6 12. Qc2 g6 13. h4 Rd8 14. Be3
Qa5 15. O-O cxd4 16. cxd4 Bf6 17. Rd1 Bd7 18. Ba2 Ne7 19. Bd2 Qa6 20. Qc7
Ba4 21. Re1 Rac8 22. Qf4 Bg7 23. h5 Qd6 24. Qh4 Nc6 25. e5 Qd7 26. hxg6
hxg6 27. d5 exd5 28. Qxa4 Nxe5 29. Qxd7 Nxf3+ 30. gxf3 Rxd7 31. Rac1 Rxc1
32. Rxc1 Bb2 33. Rc8+ Kg7 34. a4 Kf6 35. Kf1 d4 36. Bc4 a6 37. Ke2 Bc3 38.
Bh6 Re7+ 39. Kd3 b5 40. Rc6+ Ke5 41. axb5 axb5 42. Bxb5 Rb7 43. Bc4 Rb2 44.
Bxf7 Rxf2 45. f4+ Rxf4 46. Rc5+ 1-0

[Event "6th EICC"]
[Site "Warsaw POL"]
[Date "2005.06.26"]
[Round "8"]
[White "Stevic,H"]
[Black "Graf,A"]
[Result "1-0"]
[WhiteElo "2514"]
[BlackElo "2632"]
[EventDate "2005.06.18"]

1. e4 e5 2. Nf3 Nc6 3. Nc3 d6 4. d4 Bd7 5. Bc4 exd4 6. Nxd4 Nf6 7. O-O Be7
8. Re1 O-O 9. h3 Re8 10. Bg5 Ne5 11. Bf1 c6 12. Be3 Qc7 13. f4 Ng6 14. a4
a6 15. a5 Bf8 16. Qf3 c5 17. Nb3 Bc6 18. Nd2 Rad8 19. Bc4 Ne7 20. Bf2 d5
21. exd5 Nexd5 22. Rxe8 Rxe8 23. Nxd5 Nxd5 24. Bxd5 Bxd5 25. Qxd5 Rd8 26.
Qc4 Rxd2 27. b4 Qc6 28. bxc5 Rd5 29. Re1 Bxc5 30. Bxc5 Rxc5 31. Re8+ Qxe8
32. Qxc5 g6 33. Kh2 Qe6 34. Qc7 Qe4 35. Qc8+ Kg7 36. Qc3+ Kf8 37. Qc8+ Ke7
38. Qc7+ Ke6 39. c4 h5 40. Qc8+ Kd6 41. c5+ Ke7 42. Qc7+ Kf6 43. Kg3 Qd5
44. Qc8 Qd3+ 45. Kh2 Qe4 46. Qc7 Qd5 47. Qc8 Kg7 48. Qc7 Kf6 49. Qc8 Ke7
50. Qc7+ Ke6 51. Kg3 Kf5 52. Qe7 f6 53. Qc7 Qd3+ 54. Kh4 Qd5 55. g3 Qc6 56.
Qe7 Qc8 57. Qe3 g5+ 58. fxg5 Kg6 59. Qe7 fxg5+ 60. Qxg5+ Kf7 61. Qxh5+ Kg7
62. Qg4+ 1-0

[Event "6th EICC"]
[Site "Warsaw POL"]
[Date "2005.06.26"]
[Round "8"]
[White "Kharlov,A"]
[Black "Zaja,I"]
[Result "1-0"]
[WhiteElo "2628"]
[BlackElo "2489"]
[EventDate "2005.06.18"]

1. d4 Nf6 2. c4 e6 3. Nc3 Bb4 4. e3 b6 5. Nge2 Ba6 6. a3 Be7 7. Nf4 d5 8.
cxd5 Bxf1 9. dxe6 Ba6 10. exf7+ Kxf7 11. e4 c5 12. e5 Qxd4 13. e6+ Kg8 14.
Qf3 Nc6 15. Qxc6 Rd8 16. Be3 Qe5 17. Qa4 g5 18. Nh3 g4 19. Ng5 Nd5 20.
O-O-O Nxe3 21. Rxd8+ Kg7 22. Rd7 1-0

[Event "6th EICC"]
[Site "Warsaw POL"]
[Date "2005.06.26"]
[Round "8"]
[White "Del Rio Angelis,S"]
[Black "Filippov,Va"]
[Result "0-1"]
[WhiteElo "2495"]
[BlackElo "2621"]
[EventDate "2005.06.18"]

1. d4 d5 2. c4 e6 3. Nf3 Nf6 4. Nc3 Bb4 5. e3 O-O 6. Bd3 c5 7. O-O Nc6 8.
a3 Bxc3 9. bxc3 Qc7 10. cxd5 exd5 11. Nd2 c4 12. Bb1 Re8 13. Re1 Bg4 14. f3
Bh5 15. Nf1 Bg6 16. Ng3 Qb6 17. Bc2 Re7 18. a4 Rae8 19. Nf5 Re6 20. Rb1 Qc7
21. g4 Na5 22. Kg2 h5 23. g5 Nh7 24. Rb5 Qd8 25. h4 a6 26. Rc5 Nb3 27. Bxb3
b6 28. Bc2 bxc5 29. f4 Qc8 30. dxc5 Qxc5 31. Ng3 Bxc2 32. Qxc2 g6 33. Rd1
Qc6 34. Rd4 Nf8 35. Qd1 Nd7 36. Qf3 Nc5 37. f5 Re5 38. Rxc4 Qd6 39. Rf4 Nd3
40. Bd2 Nxf4+ 41. Qxf4 Qc6 42. Kf2 Qc4 43. Qd4 Qxd4 44. cxd4 Rxf5+ 45. Nxf5
gxf5 46. Kf3 Re4 0-1

[Event "6th EICC"]
[Site "Warsaw POL"]
[Date "2005.06.26"]
[Round "8"]
[White "Bobras,P"]
[Black "Inarkiev,E"]
[Result "0-1"]
[WhiteElo "2501"]
[BlackElo "2612"]
[EventDate "2005.06.18"]

1. d4 Nf6 2. c4 g6 3. g3 Bg7 4. Bg2 O-O 5. Nf3 d6 6. O-O Nc6 7. Nc3 Rb8 8.
h3 e5 9. dxe5 dxe5 10. Qxd8 Rxd8 11. Bg5 h6 12. Bxf6 Bxf6 13. Nd5 Bg7 14.
Rad1 e4 15. Nh4 Kf8 16. Bxe4 Bxh3 17. Ng2 Bxb2 18. Nxc7 Na5 19. Rxd8+ Rxd8
20. Rb1 Be5 21. Nd5 Nxc4 22. Ndf4 Nd2 23. Rxb7 Bc8 24. Rb4 Bc3 25. Ra4 Bd7
0-1